Tục cưới xin của người Mường ở Thanh Sơn, Phú Thọ /
Αποθηκεύτηκε σε:
| Κύριος συγγραφέας: | |
|---|---|
| Μορφή: | Άρθρο |
| Γλώσσα: | Vietnamese |
| Θέματα: | |
| Ετικέτες: |
Προσθήκη ετικέτας
Δεν υπάρχουν, Καταχωρήστε ετικέτα πρώτοι!
|
| Thư viện lưu trữ: | Thư viện Trường Đại học Đà Lạt |
|---|
| LEADER | 00860nam a2200313 4500 | ||
|---|---|---|---|
| 001 | DLU040000196 | ||
| 040 | # | # | |a DLU |b vie |
| 041 | # | # | |a vie |
| 044 | # | # | |a vn |
| 100 | # | # | |a Dương Hà Hiếu |
| 245 | # | # | |a Tục cưới xin của người Mường ở Thanh Sơn, Phú Thọ / |c Dương Hà Hiếu |
| 651 | # | # | |a Phú Thọ |
| 653 | # | # | |a Cưới xin |
| 653 | # | # | |a Mường - dân tộc |
| 653 | # | # | |a Phong tục tập quán |
| 773 | # | # | |t Tạp chí Dân tộc học |g Số 5(119) - 2002, tr. 74 - 75 |
| 920 | # | # | |a Phòng Tạp chí -- Trung tâm Thông tin - Thư viện Trường Đại học Đà Lạt |
| 933 | # | # | |a ĐP |
| 933 | # | # | |a LS |
| 933 | # | # | |a VN |
| 933 | # | # | |a XH |
| 994 | # | # | |a DLU |
| 900 | # | # | |a True |
| 911 | # | # | |a Phan Thị Vân Anh |
| 925 | # | # | |a G |
| 926 | # | # | |a A |
| 927 | # | # | |a BB |
| 980 | # | # | |a Thư viện Trường Đại học Đà Lạt |